000 00505nam a22002057a 4500
003 AM-YeHGA
040 _aAM-YeHGA
090 _c449717
005 20250617160135.0
008 200210s2019 njud|||| |||| 00| 0 eng d
020 _a9781463239794
041 0 _aeng
100 1 _aAkopian, Arman
245 1 0 _aClassical Syriac /
_cArman Akopian.
260 _aNew Jersey :
_bGorgias Press,
_c2019.
300 _a384 p.
650 1 4 _aSyriac language
_xGrammar
650 1 4 _aLanguage
942 _2udc
_cBK
999 _c446841
_d446841